Most Common Passwords - Statistics

General Stats
  • This quiz has been taken 187 times
  • The average score is 9 of 25
Answer Stats
Rank # of Characters Password % Correct
7 5 12345
90%
4 8 password
90%
1 6 123456
73%
5 7 1234567
71%
6 8 12345678
71%
2 9 123456789
70%
3 6 qwerty
66%
9 6 111111
47%
24 9 password1
44%
15 10 qwertyuiop
36%
16 6 654321
25%
11 6 abc123
25%
10 6 123123
23%
8 8 iloveyou
21%
12 9 qwerty123
19%
17 6 555555
18%
19 7 7777777
18%
21 6 888888
18%
14 5 admin
16%
13 8 1q2w3e4r
12%
23 6 dragon
10%
20 7 welcome
10%
22 8 princess
8%
25 6 123qwe
7%
18 6 lovely
5%
No matching quizzes found
Score Distribution
Percent of People with Each Score
Percentile by Number Answered
Your Score History
You have not taken this quiz